| 000 | 01050nam a2200265Ia 4500 | ||
|---|---|---|---|
| 001 | ebr10447170 | ||
| 003 | CaPaEBR | ||
| 006 | m u | ||
| 007 | cr cn||||||||| | ||
| 008 | 100831s2011 mdu s 001 0 eng d | ||
| 020 | _z9780761853022 | ||
| 040 |
_aCaPaEBR _cCaPaEBR |
||
| 035 | _a(OCoLC)732035997 | ||
| 050 | 1 | 4 |
_aE185.97.G74 _bA3 2011eb |
| 100 | 1 | _aGrenway, Bernard. | |
| 245 | 1 | 0 |
_aRandom musings _h[electronic resource] : _breflections of a black intellectual / _cBernard Grenway. |
| 260 |
_aLanham : _bHamilton Books, _c2011. |
||
| 300 | _aiv, 135 p. | ||
| 500 | _aIncludes index. | ||
| 533 |
_aElectronic reproduction. _bPalo Alto, Calif. : _cebrary, _d2011. _nAvailable via World Wide Web. _nAccess may be limited to ebrary affiliated libraries. |
||
| 650 | 0 |
_aAfrican American intellectuals _vBiography. |
|
| 650 | 0 |
_aAfrican Americans _vBiography. |
|
| 655 | 7 |
_aElectronic books. _2local |
|
| 856 | 4 | 0 |
_uhttp://site.ebrary.com/lib/rucke/Doc?id=10447170 _zAn electronic book accessible through the World Wide Web; click to view |
| 999 |
_c136737 _d136737 |
||